00273nam a2200109 a 4500008004100000050001400041100001800055245002700073260003200100300002200132350000900154120416s1966 ||||||||||||||||| || u aQL 47 Wei aWeisz, Paul B14aThe science of zoology aNew YorkbMcGraw-Hillc1966 axix, 875p. : ill. a0.00